Normal view
MARC view
Entry Topical Term
001 - CONTROL NUMBER
- control field: 10253
003 - CONTROL NUMBER IDENTIFIER
- control field: BD-RjUL
005 - DATE AND TIME OF LATEST TRANSACTION
- control field: 20231129130954.0
008 - FIXED-LENGTH DATA ELEMENTS
- fixed length control field: 231129|| aca||aabn | a|a d
040 ## - CATALOGING SOURCE
- Original cataloging agency: BD-RjUL
- Transcribing agency: BD-RjUL
150 ## - HEADING--TOPICAL TERM
- Topical term or geographic name entry element: Ahmadābād (India)
- Form subdivision: History
- Geographic subdivision: Ahmadābād (India)
670 ## - SOURCE DATA FOUND
- Source citation: Work cat.: (BD-RjUL)82376: sayid, Nawab Ali, ;; سيد, نواب على 10252, خاتمه مرات احمدي ;; Khātimah-i mīrāt-i Aḥamadī = Mirat-i-Ahmadi /